00257nam a2200109Ia 4500003000400000005001700004008004100021020001600062040000900078100001600087245004400103OSt20240402094941.0170523s9999 xx 000 0 und d a 080360453X cIIMT aLippert-L.S 0aClinical Kinesiology Physical Therapist